000
00292nam a2200109Ia 4500
008
230907s9999||||xx |||||||||||||| ||und||
082
_a
620.11
_b
ASK
100
_a
Askeland, Donald R.,
_9
14727
245
4
_a
The science and engineering of materials /
300
_a
xx, 870 pages :
942
_c
BK
999
_c
600703
_d
600703